Poznáváme písmenka / Zuzana Pospíšilová ; ilustrace Eva Rémišová
Record details
- ISBN: 978-80-7367-356-7
- Physical Description: 95 s. : barev. il. ; 21 cm
- Edition: Vyd. 1.
- Publisher: Praha : Portál, 2008
Search for related items by subject
| Subject: | děti předškolního věku abeceda hádanky říkadla preschool children alphabet riddles nursery rhymes |
| Genre: | publikace pro děti children's literature |
Available copies
- 1 of 1 copy available at Common Catalog SPOK.
Holds
- 0 current holds with 1 total copy.
Show All Copies
| Location | Call Number / Copy Notes | Barcode | Shelving Location | Status | Due Date |
|---|---|---|---|---|---|
| Jabok Library | Ped-3.5.1.2/P | 424480022905 | Odborná literatura | Available | - |
| LDR | 01511nam a2200445 a 4500 | ||
|---|---|---|---|
| 001 | 9576 | ||
| 003 | CZ-PrJAB | ||
| 005 | 20171124071208.0 | ||
| 007 | ta | ||
| 008 | 080325s2008 xr a b 000 0 cze | ||
| 015 | . | ‡acnb001792045 | |
| 020 | . | ‡a978-80-7367-356-7 ‡q(váz.) | |
| 035 | . | ‡a(CZ PrNK)nkc20081792045 | |
| 035 | . | ‡a(OCoLC)228780889 | |
| 040 | . | ‡aABA001 ‡bcze | |
| 072 | 7. | ‡a373.2/.3 ‡xPředškolní a primární výchova a vzdělávání ‡2Konspekt ‡922 | |
| 072 | 7. | ‡a0/9-053.2 ‡xLiteratura pro děti a mládež (naučná) ‡2Konspekt ‡926 | |
| 080 | . | ‡a316.346.32-053.4 ‡2MRF | |
| 080 | . | ‡a003.23.081 ‡2MRF | |
| 080 | . | ‡a793.7 ‡2MRF | |
| 080 | . | ‡a82-193-053.4 ‡2MRF | |
| 080 | . | ‡a(0.053.2) ‡2MRF | |
| 100 | 1 | . | ‡aPospíšilová, Zuzana, ‡d1975- ‡7mzk2006331486 ‡4aut |
| 245 | 1 | 0. | ‡aPoznáváme písmenka / ‡cZuzana Pospíšilová ; ilustrace Eva Rémišová |
| 250 | . | ‡aVyd. 1. | |
| 260 | . | ‡aPraha : ‡bPortál, ‡c2008 | |
| 300 | . | ‡a95 s. : ‡bbarev. il. ; ‡c21 cm | |
| 650 | 0 | 7. | ‡aděti předškolního věku ‡7ph119710 ‡2czenas |
| 650 | 0 | 7. | ‡aabeceda ‡7ph120107 ‡2czenas |
| 650 | 0 | 7. | ‡ahádanky ‡7ph121010 ‡2czenas |
| 650 | 0 | 7. | ‡aříkadla ‡7ph321726 ‡2czenas |
| 650 | 0 | 9. | ‡apreschool children ‡2eczenas |
| 650 | 0 | 9. | ‡aalphabet ‡2eczenas |
| 650 | 0 | 9. | ‡ariddles ‡2eczenas |
| 650 | 0 | 9. | ‡anursery rhymes ‡2eczenas |
| 655 | 7. | ‡apublikace pro děti ‡7fd133156 ‡2czenas | |
| 655 | 9. | ‡achildren's literature ‡2eczenas | |
| 700 | 1 | . | ‡aRémišová, Eva, ‡d1983- ‡7mzk2006323932 ‡4ill |
| 910 | . | ‡aABG312 | |
| 901 | . | ‡a9576 ‡bUnknown ‡c9576 ‡tbiblio | |